00389nam a2200145Ia 450000100060000000800410000602000150004704000130006208200200007510000180009524500640011326000480017730000110022554600070023635769140421s9999 xx 000 0 und d a019567331x cPK-LaUMT a 294.337bPUR-E aPuri, Bharati aEngaged Buddhismbthe Dalai Lama's worldviewcPuri, Bharati aOxford,USA:bOxford University Press,c2006 a255 p. aEN